Những điều cần biết về quyền và nghĩa vụ của thẩm phán

محفوظ في:
التفاصيل البيبلوغرافية
المؤلف الرئيسي: Nguyễn, Văn Hiển
التنسيق: كتاب
اللغة:Undetermined
منشور في: Hà Nội Chính trị Quốc gia 2005
الموضوعات:
الوسوم: إضافة وسم
لا توجد وسوم, كن أول من يضع وسما على هذه التسجيلة!
Thư viện lưu trữ: Trung tâm Học liệu Trường Đại học Cần Thơ
LEADER 00651nam a2200205Ia 4500
001 CTU_104150
008 210402s9999 xx 000 0 und d
020 |c 14500 
082 |a 345.59705 
082 |b H305 
100 |a Nguyễn, Văn Hiển 
245 0 |a Những điều cần biết về quyền và nghĩa vụ của thẩm phán 
245 0 |c Nguyễn Văn Hiển, Dương Bạch Long 
260 |a Hà Nội 
260 |b Chính trị Quốc gia 
260 |c 2005 
650 |a Criminal procedure,Judge 
650 |z Vietnam 
904 |i Minh 
980 |a Trung tâm Học liệu Trường Đại học Cần Thơ